00383nam a2200133Ia 45000010005000000080041000050820031000461000082000772450017001592600024001765900007002009010027002079990015002344027241024s9999 xx 000 0 und d aRD/370.97293/R426m/2014-10 aRepública Dominicana. Ministerio de Educación. Regional de Educación 10 0aMemoria 2014 bSanto Domingoc2014 asi a14/9/2015 9:51:29 a.m. c9024d9024